Normal view
MARC view
- Aharoni, Yair.
Entry Personal Name
001 - CONTROL NUMBER
- control field: 4516
003 - CONTROL NUMBER IDENTIFIER
- control field: OSt
005 - DATE AND TIME OF LATEST TRANSACTION
- control field: 20170515142927.0
008 - FIXED-LENGTH DATA ELEMENTS
- fixed length control field: 170515|| aca||aabn | a|a d
040 ## - CATALOGING SOURCE
- Original cataloging agency: OSt
- Transcribing agency: OSt
100 ## - HEADING--PERSONAL NAME
- Personal name: Aharoni, Yair.
670 ## - SOURCE DATA FOUND
- Source citation: Work cat.: (OSt): Aharoni, Yair., The no-risk society, c1981.

PORTAL AKMAL
E-MEL JKDM
AKMAL2U
G-BAM
u-PUSTAKA